[Event "21. Open Villa de Benidorm 2008"]
[Site "Benidorm ESP"]
[Date "2008.04.29"]
[Round "5.2"]
[White "Avrukh, Boris"]
[Black "Cossin, Sebastien"]
[Result "1-0"]
[WhiteElo "2632"]
[BlackElo "2451"]
[PlyCount "54"]
[EventDate "2008.04.25"]
[EventType "swiss"]
[EventRounds "9"]
[EventCountry "ESP"]
[Source "lmi"]
[SourceDate "2008.04.25"]

1. d4 Nf6 2. c4 g6 3. Nc3 Bg7 4. e4 d6 5. h3 O-O 6. Bg5 Na6 7. Nf3 Qe8 8. Be2
e5 9. d5 Nh5 10. g3 f5 11. exf5 gxf5 12. Nh4 Nf6 13. Qc2 Nb4 14. Qb3 a5 15. a3
Na6 16. Qc2 Ne4 17. Nxe4 fxe4 18. Be3 Nc5 19. Bxc5 dxc5 20. Qxe4 Ra6 21. Bg4
Raf6 22. O-O h5 23. Bxc8 Qxc8 24. Kg2 Rf4 25. gxf4 Rxf4 26. Ng6 Bf8 27. Rh1 Qd8
1-0

[Event "21. Open Villa de Benidorm 2008"]
[Site "Benidorm ESP"]
[Date "2008.04.29"]
[Round "5.3"]
[White "Leon Hoyos, Manuel"]
[Black "Burmakin, Vladimir"]
[Result "1/2-1/2"]
[WhiteElo "2490"]
[BlackElo "2615"]
[PlyCount "98"]
[EventDate "2008.04.25"]
[EventType "swiss"]
[EventRounds "9"]
[EventCountry "ESP"]
[Source "lmi"]
[SourceDate "2008.04.25"]

1. e4 c6 2. d4 d5 3. exd5 cxd5 4. c4 Nf6 5. Nc3 e6 6. Nf3 Bb4 7. cxd5 Nxd5 8.
Bd2 Nc6 9. Bd3 Be7 10. Nxd5 Qxd5 11. O-O O-O 12. Qc2 h6 13. Rad1 Bd7 14. Be4
Qb5 15. a3 Rac8 16. Bc3 Bf6 17. Bd3 Qb6 18. Qe2 Ne7 19. Bb4 Rfe8 20. Ne5 Bxe5
21. dxe5 Bc6 22. Qg4 Bb5 23. Bxe7 Rxe7 24. Qb4 Bxd3 25. Qxb6 axb6 26. Rxd3 Rc5
27. Re1 Rec7 28. Kf1 g5 29. Rd4 Kg7 30. Rb4 Rd5 31. Rbe4 Kg6 32. g4 b5 33. Kg2
Rd2 34. R1e2 Rxe2 35. Rxe2 Rc4 36. h3 h5 37. gxh5+ Kxh5 38. Rd2 Kg6 39. Rd7 Rc5
40. Rxb7 Rxe5 41. Ra7 Re2 42. b4 f5 43. Ra5 Ra2 44. Rxb5 Rxa3 45. Rb8 Rb3 46.
b5 Kf6 47. b6 Ke5 48. b7 Kf4 49. Re8 Ke5 1/2-1/2

[Event "21. Open Villa de Benidorm 2008"]
[Site "Benidorm ESP"]
[Date "2008.04.29"]
[Round "5.4"]
[White "Suba, Mihai"]
[Black "Maze, Sebastien"]
[Result "1/2-1/2"]
[WhiteElo "2487"]
[BlackElo "2565"]
[PlyCount "118"]
[EventDate "2008.04.25"]
[EventType "swiss"]
[EventRounds "9"]
[EventCountry "ESP"]
[Source "lmi"]
[SourceDate "2008.04.25"]

1. c4 Nf6 2. Nc3 g6 3. e4 d6 4. d4 Bg7 5. Be2 O-O 6. Nf3 c5 7. O-O cxd4 8. Nxd4
Nc6 9. Be3 Bd7 10. Qd2 Nxd4 11. Bxd4 Bc6 12. Bd3 a5 13. Rae1 Nd7 14. Bxg7 Kxg7
15. Re3 e5 16. Be2 Nf6 17. Rd3 Nxe4 18. Nxe4 Bxe4 19. Rxd6 Qe7 20. Rd1 Bc6 21.
b3 f5 22. Qc3 Rf6 23. c5 Rxd6 24. cxd6 Qf6 25. d7 Rd8 26. Qxa5 Qe7 27. Qc7 e4
28. b4 Rxd7 29. Rxd7 Qxd7 30. Qe5+ Kh6 31. Qf6 Bd5 32. a4 Qf7 33. Qxf7 Bxf7 34.
f3 Kg5 35. fxe4 fxe4 36. Kf2 Kf4 37. g3+ Ke5 38. Ke3 b6 39. Bd1 Be6 40. Bc2 Bd5
41. a5 bxa5 42. bxa5 Bb7 43. Ba4 g5 44. Bb5 h6 45. a6 Bc8 46. Be2 Kd5 47. Bf1
Ke5 48. Be2 Kd5 49. Bb5 Ke5 50. Bc4 Bd7 51. Be2 Bc8 52. a7 Bb7 53. Bh5 Bc6 54.
Bg6 Bd5 55. Bh5 Kf6 56. Be2 Bf7 57. Kf2 Ke5 58. Ke3 g4 59. Bxg4 Bb3 1/2-1/2

[Event "21. Open Villa de Benidorm 2008"]
[Site "Benidorm ESP"]
[Date "2008.04.29"]
[Round "5.5"]
[White "Levin, Felix"]
[Black "Cabrera, Alexis"]
[Result "1/2-1/2"]
[WhiteElo "2546"]
[BlackElo "2491"]
[PlyCount "29"]
[EventDate "2008.04.25"]
[EventType "swiss"]
[EventRounds "9"]
[EventCountry "ESP"]
[Source "lmi"]
[SourceDate "2008.04.25"]

1. d4 f5 2. g3 Nf6 3. Bg2 g6 4. Nh3 Bg7 5. Nf4 Nc6 6. d5 Ne5 7. Nc3 c6 8. e4 d6
9. exf5 Bxf5 10. h3 O-O 11. O-O Kh8 12. g4 Bd7 13. Ne6 Bxe6 14. dxe6 d5 15. Qe2
1/2-1/2

[Event "21. Open Villa de Benidorm 2008"]
[Site "Benidorm ESP"]
[Date "2008.04.29"]
[Round "5.6"]
[White "Kovacevic, Slobodan"]
[Black "Gonzalez Garcia, Jose"]
[Result "1/2-1/2"]
[WhiteElo "2426"]
[BlackElo "2541"]
[PlyCount "43"]
[EventDate "2008.04.25"]
[EventType "swiss"]
[EventRounds "9"]
[EventCountry "ESP"]
[Source "lmi"]
[SourceDate "2008.04.25"]

1. d4 d5 2. Bf4 Nf6 3. e3 e6 4. Nd2 c5 5. c3 Nc6 6. Ngf3 Bd6 7. Bg3 O-O 8. Bd3
Qe7 9. Ne5 Nd7 10. Ndf3 f6 11. Nxd7 Bxd7 12. Bc2 Be8 13. O-O Bh5 14. dxc5 Bxc5
15. e4 dxe4 16. Bxe4 e5 17. Qc2 g5 18. Nd2 Rad8 19. b4 Bb6 20. Nc4 Qg7 21. Nxb6
axb6 22. f3 1/2-1/2